[Event "Titled Tuesday intern op 16th Jan Early"]
[Site "Chess.com INT"]
[Date "2024.01.16"]
[Round "3"]
[White "Baskakov, Egor"]
[Black "Yanev, Tihomir"]
[Result "1-0"]
[WhiteElo "2215"]
[BlackElo "2354"]
[PlyCount "119"]
[EventDate "2024.01.16"]
[EventType "swiss (blitz)"]
[EventRounds "11"]
[EventCountry "USA"]
[SourceTitle "CB04_2024"]
[SourceDate "2023.10.16"]
[SourceVersion "1"]
[SourceVersionDate "2023.10.16"]
[SourceQuality "1"]

1. e4 c6 2. d4 d5 3. e5 g6 4. c4 Bg7 5. Nc3 Nh6 6. Nf3 0-0 7. Bd3 f6 8. h3 Bf5 9. Bxh6 Bxh6 10. Bxf5 gxf5 11. cxd5 cxd5 12. e6 Qd6 13. Qe2 Nc6 14. 0-0 Kh8 15. Rad1 Rg8 16. Kh1 Rad8 17. g3 a6 18. Nh4 Rg5 19. f4 Rg6 20. Nxf5 Qc7 21. Rd3 Qb6 22. Qh5 Bf8 23. Rf2 Nb4 24. Re3 Rc8 25. a3 Nc6 26. Nxd5 Qb5 27. Nc3 Qc4 28. Qe2 Nxd4 29. Qxc4 Rxc4 30. Nxd4 Rxd4 31. Kg2 f5 32. Ref3 Rxe6 33. g4 fxg4 34. hxg4 Bg7 35. Kg3 Red6 36. Re2 Rd7 37. Ne4 Rd3 38. Nc5 Rxf3+ 39. Kxf3 Rc7 40. Ne6 Rd7 41. Nc5 Rc7 42. b4 Kg8 43. g5 Kf7 44. Kg4 a5 45. Re4 axb4 46. axb4 Bc3 47. Ne6 Rd7 48. b5 Bb4 49. f5 Ba3 50. Kh5 Bc1 51. g6+ hxg6+ 52. fxg6+ Kf6 53. g7 Kf7 54. Re5 Bb2 55. Rf5+ Bf6 56. g8Q+ Kxg8 57. Kg6 Rd6 58. Rc5 Bg7 59. Rc8+ Bf8 60. Rxf8# 1-0

[Event "Titled Tuesday intern op 16th Jan Early"]
[Site "Chess.com INT"]
[Date "2024.01.16"]
[Round "4"]
[White "Yanev, Tihomir"]
[Black "Filipovic, Slobodan J"]
[Result "1-0"]
[WhiteElo "2354"]
[BlackElo "2191"]
[PlyCount "91"]
[EventDate "2024.01.16"]
[EventType "swiss (blitz)"]
[EventRounds "11"]
[EventCountry "USA"]
[SourceTitle "CB04_2024"]
[SourceDate "2023.10.16"]
[SourceVersion "1"]
[SourceVersionDate "2023.10.16"]
[SourceQuality "1"]

1. e4 c5 2. c3 e6 3. d4 d5 4. e5 Nc6 5. Nf3 Nge7 6. Bd3 Nf5 7. Bxf5 exf5 8. 0-0 Be7 9. dxc5 Bxc5 10. Nbd2 Be6 11. Nb3 Be7 12. Be3 g5 13. Bc5 f4 14. Re1 h5 15. Nfd4 Nxd4 16. Qxd4 b6 17. Bxe7 Qxe7 18. a4 Rc8 19. a5 Rc4 20. axb6 Rxd4 21. bxa7 0-0 22. a8Q Re4 23. Qa6 Rb8 24. Nd4 Rxb2 25. Qd3 Qb7 26. f3 Rxe1+ 27. Rxe1 Qb6 28. h4 g4 29. fxg4 hxg4 30. Rf1 f3 31. gxf3 g3 32. f4 Qa7 33. Qxg3+ Kf8 34. f5 Bxf5 35. Rxf5 Rb1+ 36. Rf1 Qa1 37. Rxb1 Qxb1+ 38. Kh2 Qb2+ 39. Kh3 Qb1 40. Qf3 Ke7 41. Qf6+ Ke8 42. Qc6+ Kf8 43. Qc8+ Kg7 44. Nf5+ Kg6 45. Ne7+ Kh5 46. Qh8+ 1-0

[Event "Titled Tuesday intern op 27th Jun Late"]
[Site "Chess.com INT"]
[Date "2023.06.27"]
[Round "7"]
[White "Stark, John"]
[Black "Yanev, Tihomir"]
[Result "1/2-1/2"]
[WhiteElo "1980"]
[BlackElo "2354"]
[PlyCount "134"]
[EventDate "2023.06.27"]
[EventType "swiss (blitz)"]
[EventRounds "11"]
[EventCountry "USA"]
[SourceTitle "EXT 2024"]
[Source "ChessBase"]
[SourceDate "2023.10.10"]
[SourceVersion "1"]
[SourceVersionDate "2023.10.10"]
[SourceQuality "1"]

1. c4 g6 2. Nc3 Bg7 3. g3 Nf6 4. Bg2 0-0 5. e3 c6 6. Nge2 d5 7. cxd5 cxd5 8. Nf4 e6 9. d4 Nc6 10. 0-0 Bd7 11. b3 Qa5 12. Bd2 Qa6 13. Re1 Rfc8 14. Bf1 Qb6 15. Na4 Qd8 16. Rc1 Be8 17. Nc5 Rc7 18. Ncxe6 fxe6 19. Nxe6 Qe7 20. Nxc7 Qxc7 21. b4 Qd8 22. b5 Ne7 23. Bb4 Nf5 24. Bg2 Bxb5 25. Qb3 Bc4 26. Rxc4 dxc4 27. Qxc4+ Kh8 28. Bxb7 Rb8 29. Bg2 Nd6 30. Bxd6 Qxd6 31. e4 Nd7 32. e5 Qb4 33. Qxb4 Rxb4 34. e6 Nf6 35. d5 Rd4 36. e7 Ne8 37. Rb1 Kg8 38. Bh3 Kf7 39. Be6+ Kxe7 40. Rb7+ Kd6 41. Rxa7 Nc7 42. Kg2 Rd2 43. Bg8 h5 44. Bf7 Bd4 45. Ra4 Rxf2+ 46. Kh3 Rxf7 47. Rxd4 Nxd5 48. a4 Ke5 49. Rc4 Ra7 50. Kh4 Kf6 51. Rc6+ Kg7 52. Rc5 Ne7 53. a5 Ng8 54. g4 hxg4 55. Kxg4 Ne7 56. h4 Nf5 57. h5 Ne7 58. hxg6 Kxg6 59. Rb5 Kf7 60. Rc5 Ke6 61. Rh5 Kd7 62. Kf4 Nc6 63. Rh7+ Kd6 64. Rxa7 Nxa7 65. a6 Kc6 66. Ke3 Kb6 67. Kd2 Kxa6 1/2-1/2

[Event "Titled Tuesday intern op 14th July"]
[Site "Chess.com INT"]
[Date "2020.07.14"]
[Round "5"]
[White "Grachev, Boris V"]
[Black "Yanev, Tihomir"]
[Result "1-0"]
[WhiteElo "2612"]
[BlackElo "2354"]
[PlyCount "171"]
[EventDate "2020.07.14"]
[EventType "swiss (blitz)"]
[EventRounds "10"]
[EventCountry "USA"]
[SourceTitle "CBM 197 Extra"]
[Source "ChessBase"]
[SourceDate "2020.09.30"]
[SourceVersion "1"]
[SourceVersionDate "2020.09.30"]
[SourceQuality "1"]

1. d4 d5 2. Bf4 Nf6 3. e3 c5 4. c3 Nc6 5. Nd2 Qb6 6. Qc2 e6 7. h3 Bd7 8. Rd1 Rc8 9. Qb1 Be7 10. Ngf3 0-0 11. Bd3 Rfd8 12. g4 g6 13. Ne5 Be8 14. 0-0 Nxe5 15. Bxe5 Bb5 16. Bxb5 Qxb5 17. Rfe1 Nd7 18. Bg3 Nb6 19. Nb3 Na4 20. Rd2 Bd6 21. Bxd6 Rxd6 22. dxc5 Nxc5 23. Nxc5 Qxc5 24. Qd3 b5 25. a3 a5 26. Ra1 Rb6 27. Qd4 Qxd4 28. Rxd4 Rc4 29. Kf1 Kg7 30. Ke2 b4 31. Rxc4 dxc4 32. axb4 axb4 33. Ra4 bxc3 34. bxc3 Rb2+ 35. Kf3 Kf6 36. Rxc4 h6 37. Rc7 h5 38. Rc5 hxg4+ 39. hxg4 g5 40. Kg3 Kg6 41. Kf3 Kf6 42. Rc8 Ke5 43. Rc7 Kf6 44. Rc5 Rc2 45. e4 Kg6 46. e5 f6 47. Rc6 Kf7 48. Rc7+ Kg6 49. Rc6 Kf7 50. exf6 Kxf6 51. Ke3 Ke5 52. Rc5+ Kf6 53. Rc8 Ke5 54. f3 Kf6 55. Rc5 Rc1 56. Kd2 Rf1 57. Ke2 Rc1 58. Rc8 Ke5 59. Ke3 Re1+ 60. Kd2 Rf1 61. Rf8 Kd5 62. Ke2 Rc1 63. Kd2 Rf1 64. Ke3 Rc1 65. Kd3 Rf1 66. Kc2 Kc4 67. Rc8+ Kd5 68. Rd8+ Ke5 69. Rf8 Kd5 70. Rf7 Kc4 71. Kd2 Rf2+ 72. Ke3 Rf1 73. Rc7+ Kd5 74. Rg7 Kc4 75. Rxg5 Kxc3 76. Rc5+ Kb4 77. Rc8 Kb5 78. g5 Kb6 79. f4 Kb7 80. Rc2 e5 81. fxe5 Rf5 82. Ke4 Rxg5 83. e6 Rg8 84. Ke5 Kb6 85. e7 Kb7 86. Kf6 1-0

[Event "Titled Tuesday intern op 14th July"]
[Site "Chess.com INT"]
[Date "2020.07.14"]
[Round "4"]
[White "Mingarro Carceller, Sergi"]
[Black "Yanev, Tihomir"]
[Result "0-1"]
[WhiteElo "2361"]
[BlackElo "2354"]
[PlyCount "112"]
[EventDate "2020.07.14"]
[EventType "swiss (blitz)"]
[EventRounds "10"]
[EventCountry "USA"]
[SourceTitle "CBM 197 Extra"]
[Source "ChessBase"]
[SourceDate "2020.09.30"]
[SourceVersion "1"]
[SourceVersionDate "2020.09.30"]
[SourceQuality "1"]

1. e4 e5 2. Nf3 Nc6 3. d4 exd4 4. Nxd4 Bb4+ 5. c3 Bc5 6. Be3 Bb6 7. Nf5 Bxe3 8. Nxe3 d6 9. c4 Nge7 10. Nc3 0-0 11. Be2 f5 12. exf5 Nxf5 13. Nxf5 Bxf5 14. 0-0 Kh8 15. Qd2 Ne5 16. Nd5 Rf7 17. Rad1 Qh4 18. b3 Raf8 19. Ne3 Be4 20. f3 Bc6 21. Nd5 Ng6 22. g3 Qh3 23. Rf2 h6 24. f4 Qd7 25. Qd3 Ne7 26. Bf3 Nxd5 27. Bxd5 Re7 28. Bxc6 Qxc6 29. Re2 Qc5+ 30. Kf1 Rfe8 31. Rde1 Rxe2 32. Rxe2 Rxe2 33. Qxe2 Qd4 34. Kg2 c6 35. Kf3 d5 36. cxd5 Qxd5+ 37. Kf2 a5 38. g4 b5 39. Qc2 c5 40. f5 c4 41. bxc4 bxc4 42. Qe2 Kh7 43. Qc2 Kg8 44. Qe2 Kf7 45. Qe3 Kf6 46. h4 Kf7 47. Qa7+ Kf6 48. Qb6+ Ke5 49. Qe3+ Kf6 50. Qb6+ Ke5 51. Qe3+ Qe4 52. Qc5+ Kf4 53. Qd6+ Kxg4 54. Qg6+ Kxh4 55. Qxg7 Qxf5+ 56. Ke3 Qg5+ 0-1

[Event "Titled Tuesday intern op 14th July"]
[Site "Chess.com INT"]
[Date "2020.07.14"]
[Round "1"]
[White "Yanev, Tihomir"]
[Black "Hamedi Nia, Vesal"]
[Result "1-0"]
[WhiteElo "2354"]
[BlackElo "1980"]
[PlyCount "67"]
[EventDate "2020.07.14"]
[EventType "swiss (blitz)"]
[EventRounds "10"]
[EventCountry "USA"]
[SourceTitle "CBM 197 Extra"]
[Source "ChessBase"]
[SourceDate "2020.09.30"]
[SourceVersion "1"]
[SourceVersionDate "2020.09.30"]
[SourceQuality "1"]

1. d4 d5 2. c4 e6 3. Nf3 Nf6 4. g3 Bb4+ 5. Bd2 Be7 6. Qc2 0-0 7. Bg2 Nbd7 8. 0-0 c6 9. Bf4 b6 10. Nbd2 Nh5 11. Be3 f5 12. cxd5 cxd5 13. Qc6 Ba6 14. Qxe6+ Kh8 15. Ne5 Nxe5 16. Qxe5 Bxe2 17. Rfe1 Bd3 18. Qxd5 Qxd5 19. Bxd5 Rac8 20. Bf3 Nf6 21. Bf4 Bb4 22. a3 Bxd2 23. Bxd2 Rc2 24. Rad1 Bc4 25. Bb4 Rc8 26. d5 a5 27. Bc3 Nd7 28. Re7 Nf6 29. d6 Bb5 30. Bxf6 gxf6 31. d7 Rd8 32. Bh5 Kg8 33. Re8+ Kg7 34. Rxd8 1-0

[Event "Titled Tuesday intern op 30th June"]
[Site "Chess.com INT"]
[Date "2020.06.30"]
[Round "6"]
[White "Atakishiyev, Elmar"]
[Black "Yanev, Tihomir"]
[Result "0-1"]
[WhiteElo "2223"]
[BlackElo "2354"]
[PlyCount "44"]
[EventDate "2020.06.30"]
[EventType "swiss (blitz)"]
[EventRounds "10"]
[EventCountry "USA"]
[SourceTitle "CBM 197 Extra"]
[Source "ChessBase"]
[SourceDate "2020.09.30"]
[SourceVersion "1"]
[SourceVersionDate "2020.09.30"]
[SourceQuality "1"]

1. d4 d5 2. c4 dxc4 3. e3 e5 4. Bxc4 exd4 5. exd4 Nf6 6. Nf3 Bd6 7. 0-0 0-0 8. Nc3 a6 9. Re1 Bg4 10. h3 Bh5 11. g4 Bg6 12. Ne5 c5 13. Nxg6 hxg6 14. Bg5 Nc6 15. dxc5 Bxc5 16. Nd5 Qb8 17. Qd3 Nxd5 18. Bxd5 Nb4 19. Qf3 Nxd5 20. Qxd5 Qg3+ 21. Qg2 Bxf2+ 22. Kh1 Qxg2+ 0-1

[Event "Titled Tuesday intern op 30th June"]
[Site "Chess.com INT"]
[Date "2020.06.30"]
[Round "1"]
[White "Yanev, Tihomir"]
[Black "Silva, Winston Joseph R"]
[Result "1-0"]
[WhiteElo "2354"]
[BlackElo "1892"]
[PlyCount "45"]
[EventDate "2020.06.30"]
[EventType "swiss (blitz)"]
[EventRounds "10"]
[EventCountry "USA"]
[SourceTitle "CBM 197 Extra"]
[Source "ChessBase"]
[SourceDate "2020.09.30"]
[SourceVersion "1"]
[SourceVersionDate "2020.09.30"]
[SourceQuality "1"]

1. d4 Nf6 2. c4 g6 3. Nc3 Bg7 4. Nf3 d6 5. g3 0-0 6. Bg2 c6 7. 0-0 Nbd7 8. Qc2 a6 9. a4 e5 10. Rd1 Qc7 11. b3 b6 12. Ba3 Re8 13. dxe5 dxe5 14. Ng5 Bb7 15. Nce4 Nxe4 16. Nxe4 Bf8 17. Bxf8 Kxf8 18. c5 b5 19. Bh3 f5 20. Nd6 Re7 21. e4 Rd8 22. exf5 Nxc5 23. Qxc5 1-0

[Event "Titled Tuesday intern op 23rd June"]
[Site "Chess.com INT"]
[Date "2020.06.23"]
[Round "6"]
[White "Cerveny, Martin"]
[Black "Yanev, Tihomir"]
[Result "1/2-1/2"]
[WhiteElo "2386"]
[BlackElo "2354"]
[PlyCount "98"]
[EventDate "2020.06.23"]
[EventType "swiss (blitz)"]
[EventRounds "10"]
[EventCountry "USA"]
[SourceTitle "CBM 197 Extra"]
[Source "ChessBase"]
[SourceDate "2020.09.30"]
[SourceVersion "1"]
[SourceVersionDate "2020.09.30"]
[SourceQuality "1"]

1. d4 d5 2. c4 dxc4 3. Nf3 Nf6 4. e3 e6 5. Bxc4 a6 6. 0-0 c5 7. a4 Nc6 8. Nc3 Be7 9. dxc5 Qxd1 10. Rxd1 Bxc5 11. h3 Bd7 12. e4 Na5 13. Ba2 Bc6 14. Re1 Bb4 15. e5 Nd5 16. Nxd5 Bxd5 17. Bd2 Bxd2 18. Nxd2 Bxa2 19. Rxa2 Rd8 20. b4 Nc6 21. Rb2 Rd4 22. b5 axb5 23. axb5 Nb4 24. Nf3 Rc4 25. Reb1 Nd5 26. Ra1 Kd7 27. Ra7 Kc7 28. b6+ Nxb6 29. Nd2 Rc1+ 30. Kh2 Ra8 31. Rxa8 Nxa8 32. Ne4 Nb6 33. Nd6 Kc6 34. Nxf7 Nc4 35. Nd8+ Kd7 36. Rxb7+ Kxd8 37. Rxg7 Nxe5 38. Rxh7 Rc2 39. f4 Nd7 40. Rg7 Ke8 41. h4 Nf6 42. Rg5 Kf7 43. h5 Ne4 44. Rg4 Rc5 45. Rh4 Nf6 46. g4 Nxg4+ 47. Rxg4 Rxh5+ 48. Kg3 Rb5 49. Kh4 Kf6 1/2-1/2

[Event "Titled Tuesday intern op 23rd June"]
[Site "Chess.com INT"]
[Date "2020.06.23"]
[Round "8"]
[White "Gharibyan, Mamikon"]
[Black "Yanev, Tihomir"]
[Result "0-1"]
[WhiteElo "2433"]
[BlackElo "2354"]
[PlyCount "118"]
[EventDate "2020.06.23"]
[EventType "swiss (blitz)"]
[EventRounds "10"]
[EventCountry "USA"]
[SourceTitle "CBM 197 Extra"]
[Source "ChessBase"]
[SourceDate "2020.09.30"]
[SourceVersion "1"]
[SourceVersionDate "2020.09.30"]
[SourceQuality "1"]

1. e4 e5 2. Nf3 Nc6 3. Bc4 Bc5 4. c3 Nf6 5. d4 exd4 6. e5 d5 7. Be2 Ne4 8. cxd4 Bb4+ 9. Nbd2 0-0 10. 0-0 Bf5 11. Nb3 Be7 12. Bf4 Nb8 13. Rc1 Nd7 14. Nc5 Ndxc5 15. dxc5 Bxc5 16. Nd4 Bg6 17. Be3 Bxd4 18. Bxd4 f5 19. exf6 Nxf6 20. Re1 c6 21. Qb3 Qd7 22. f3 a6 23. Qc3 Rae8 24. b4 Nh5 25. Bf1 Nf4 26. Bc5 Rf6 27. Rxe8+ Qxe8 28. Bd4 Rf7 29. a4 Re7 30. b5 axb5 31. axb5 Ne2+ 32. Bxe2 Rxe2 33. bxc6 bxc6 34. Qxc6 Re1+ 35. Kf2 Qe2+ 36. Kg3 Rxc1 37. Qxc1 h6 38. Qc7 Bf7 39. Qc8+ Kh7 40. Qf5+ Kg8 41. Qc8+ Qe8 42. Qg4 Qe1+ 43. Bf2 Qe5+ 44. Qf4 Qxf4+ 45. Kxf4 Kf8 46. Bc5+ Ke8 47. Bd4 g6 48. g4 h5 49. gxh5 gxh5 50. Kf5 Kd7 51. Kf6 Be8 52. f4 Kd6 53. f5 Ba4 54. Be5+ Kd7 55. Bd4 Bc2 56. Ke5 Ke7 57. f6+ Kf7 58. Kxd5 Bd1 59. Ke5 Be2 0-1

[Event "Titled Tuesday intern op 16th June"]
[Site "Chess.com INT"]
[Date "2020.06.16"]
[Round "5"]
[White "Yanev, Tihomir"]
[Black "Stefanova, Antoaneta"]
[Result "1/2-1/2"]
[WhiteElo "2354"]
[BlackElo "2462"]
[PlyCount "80"]
[EventDate "2020.06.16"]
[EventType "swiss (blitz)"]
[EventRounds "10"]
[EventCountry "USA"]
[SourceTitle "EXT 2021"]
[Source "ChessBase"]
[SourceDate "2020.10.23"]
[SourceVersion "1"]
[SourceVersionDate "2020.10.23"]
[SourceQuality "1"]

1. d4 d5 2. c4 c6 3. Nf3 Nf6 4. e3 g6 5. Nc3 Bg7 6. Bd3 0-0 7. 0-0 e6 8. e4 dxe4 9. Nxe4 Nxe4 10. Bxe4 Nd7 11. Bg5 Qa5 12. a3 h6 13. b4 Qc7 14. Be3 e5 15. d5 cxd5 16. Bxd5 Nf6 17. Rc1 Bf5 18. Qb3 a6 19. Rfd1 Rac8 20. h3 Nxd5 21. cxd5 Qd7 22. Nd2 Rxc1 23. Rxc1 Rd8 24. Bb6 Rc8 25. Rxc8+ Qxc8 26. Qc4 h5 27. d6 Qxc4 28. Nxc4 Kf8 29. Bc5 Ke8 30. Nb6 Bd7 31. f3 Bc6 32. Kf2 f5 33. Ke3 Bh6+ 34. Ke2 h4 35. Be3 Bf8 36. Bc5 Bg7 37. Ke3 Bh6+ 38. Ke2 Bg7 39. Ke3 Bh6+ 40. Ke2 Bg7 1/2-1/2

[Event "Titled Tuesday intern op 6th June"]
[Site "Chess.com INT"]
[Date "2020.06.02"]
[Round "10"]
[White "Yanev, Tihomir"]
[Black "Wanyama, Harold"]
[Result "1-0"]
[WhiteElo "2354"]
[BlackElo "2312"]
[PlyCount "91"]
[EventDate "2020.06.02"]
[EventType "swiss (blitz)"]
[EventRounds "10"]
[EventCountry "USA"]
[SourceTitle "CBM 196 Extra"]
[Source "ChessBase"]
[SourceDate "2020.07.31"]
[SourceVersion "1"]
[SourceVersionDate "2020.07.31"]
[SourceQuality "1"]

1. d4 Nf6 2. c4 g6 3. Nc3 Bg7 4. Nf3 d6 5. g3 0-0 6. Bg2 c5 7. d5 a6 8. a4 e6 9. 0-0 exd5 10. cxd5 Re8 11. Nd2 Nbd7 12. e4 b6 13. Re1 Ne5 14. Qc2 c4 15. Nf3 Nxf3+ 16. Bxf3 Nd7 17. Be3 Ne5 18. Be2 Bd7 19. f4 Ng4 20. Bxg4 Bxg4 21. Qf2 Rb8 22. Bd4 Bd7 23. Bxg7 Kxg7 24. Qd4+ Kg8 25. Qxc4 b5 26. axb5 axb5 27. Qd4 Rc8 28. e5 Rc4 29. Qf2 dxe5 30. fxe5 Kg7 31. Ra7 b4 32. Ne4 Rxe5 33. Rxd7 Qxd7 34. Qf6+ Kg8 35. Qxe5 Qa7+ 36. Kh1 Rc2 37. Nf6+ Kf8 38. Nxh7+ Kg8 39. Nf6+ Kf8 40. Qb8+ Qxb8 41. Nd7+ Kg7 42. Nxb8 Rxb2 43. d6 Rd2 44. d7 b3 45. Rb1 b2 46. Rxb2 1-0

[Event "EU-ch Online 2300+ Final"]
[Site "Chess.com INT"]
[Date "2020.05.30"]
[Round "6"]
[White "Yanev, Tihomir"]
[Black "Koksal, Ege"]
[Result "0-1"]
[WhiteElo "2354"]
[BlackElo "2353"]
[PlyCount "96"]
[EventDate "2020.05.30"]
[EventType "swiss"]
[EventRounds "8"]
[EventCountry "NET"]
[SourceTitle "CBM 196 Extra"]
[Source "ChessBase"]
[SourceDate "2020.07.31"]
[SourceVersion "1"]
[SourceVersionDate "2020.07.31"]
[SourceQuality "1"]

1. d4 d5 2. c4 c6 3. Nf3 Nf6 4. e3 Bg4 5. Nc3 e6 6. h3 Bh5 7. Be2 Nbd7 8. 0-0 Bd6 9. Nd2 Bg6 10. Bf3 0-0 11. Re1 Qc7 12. e4 dxe4 13. Ndxe4 Nxe4 14. Nxe4 Bf4 15. Qb3 Bxc1 16. Raxc1 Bxe4 17. Bxe4 Rad8 18. Bf3 Nf6 19. d5 exd5 20. cxd5 c5 21. Qc4 Rc8 22. b4 b6 23. bxc5 bxc5 24. Qa6 Qb6 25. Qa3 Rc7 26. Rc4 Rfc8 27. h4 Ne8 28. Bg4 Rd8 29. h5 h6 30. Bf3 Nd6 31. Rg4 c4 32. Qc3 f6 33. Qxf6 Rf7 34. Qxh6 c3 35. Qg6 Nb5 36. Re6 Qc7 37. Rc6 Qe5 38. h6 Nd4 39. h7+ Kh8 40. Qxf7 Nxc6 41. dxc6 c2 42. Qg8+ Rxg8 43. hxg8Q+ Kxg8 44. Rc4 Qe1+ 45. Kh2 c1Q 46. Bd5+ Kf8 47. c7 Qxc4 48. Bxc4 Qe5+ 0-1

[Event "EU-ch Online 2300+ Final"]
[Site "Chess.com INT"]
[Date "2020.05.30"]
[Round "1"]
[White "Yanev, Tihomir"]
[Black "Sahidi, Samir"]
[Result "1-0"]
[WhiteElo "2354"]
[BlackElo "2400"]
[PlyCount "145"]
[EventDate "2020.05.30"]
[EventType "swiss"]
[EventRounds "8"]
[EventCountry "NET"]
[SourceTitle "CBM 196 Extra"]
[Source "ChessBase"]
[SourceDate "2020.07.31"]
[SourceVersion "1"]
[SourceVersionDate "2020.07.31"]
[SourceQuality "1"]

1. d4 Nf6 2. c4 e6 3. Nf3 d5 4. g3 Be7 5. Bg2 0-0 6. 0-0 dxc4 7. Qc2 a6 8. a4 Nbd7 9. Qxc4 c5 10. Rd1 b5 11. Qc2 Bb7 12. Bg5 Qb6 13. Nc3 b4 14. a5 Qa7 15. Na4 Rac8 16. Bxf6 Bxf6 17. dxc5 Nxc5 18. Nb6 Rc7 19. Rac1 Be4 20. Qd2 Nb3 21. Rxc7 Qxc7 22. Qxb4 Bxf3 23. Bxf3 Qc2 24. e3 Qxb2 25. Nd7 Re8 26. Nxf6+ gxf6 27. Bc6 Qc2 28. Qg4+ Kf8 29. Bxe8 Kxe8 30. Qa4+ Kf8 31. Qb4+ Kg7 32. Qg4+ Qg6 33. Qxg6+ hxg6 34. Rd6 Nxa5 35. Rxa6 Nc4 36. h4 f5 37. Kg2 Ne5 38. f3 Nd7 39. Ra7 Nf6 40. Kf2 Nh5 41. g4 fxg4 42. fxg4 Nf6 43. Kf3 Nd5 44. e4 Nf6 45. Kf4 Kg8 46. g5 Nh5+ 47. Ke5 Kf8 48. Kd6 Ng3 49. Ra4 Ne2 50. Ra8+ Kg7 51. Ke7 Ng3 52. Rf8 Nxe4 53. Rxf7+ Kg8 54. Rf6 Kg7 55. Rxe6 Ng3 56. Ke8 Nf5 57. Re7+ Kg8 58. Re6 Kg7 59. Ra6 Nxh4 60. Ra7+ Kg8 61. Ke7 Kh7 62. Kf6+ Kh8 63. Ra4 Nf3 64. Kxg6 Ne5+ 65. Kf6 Nd7+ 66. Ke7 Ne5 67. Ke6 Ng6 68. Kf6 Nf8 69. Ra8 Kh7 70. Ra7+ Kh8 71. g6 Kg8 72. Ra8 Kh8 73. Rxf8# 1-0

[Event "Titled Tuesday intern op 2nd May"]
[Site "Chess.com INT"]
[Date "2017.05.02"]
[Round "6"]
[White "Yanev, Tihomir"]
[Black "Ehlvest, Jaan"]
[Result "1-0"]
[WhiteElo "2371"]
[BlackElo "2536"]
[PlyCount "123"]
[EventDate "2017.05.02"]
[EventType "swiss (blitz)"]
[EventRounds "10"]
[EventCountry "USA"]
[SourceTitle "EXT 2021"]
[Source "ChessBase"]
[SourceDate "2020.10.23"]
[SourceVersion "1"]
[SourceVersionDate "2020.10.23"]
[SourceQuality "1"]

1. d4 Nf6 2. c4 e6 3. Nc3 Bb4 4. Nf3 b6 5. e3 Bb7 6. Bd2 0-0 7. Bd3 d5 8. cxd5 exd5 9. 0-0 Bd6 10. Nb5 Be7 11. Ne5 c5 12. Nc3 Nc6 13. f4 cxd4 14. Nxc6 Bxc6 15. exd4 Qd7 16. Qf3 b5 17. Rae1 b4 18. Ne2 Ne4 19. Be3 f5 20. Ng3 Bb5 21. Qd1 Bd6 22. Rf3 Rae8 23. Nf1 Re6 24. Qb3 Bxd3 25. Qxd3 Rc8 26. Ng3 g6 27. Ne2 Rce8 28. Nc1 Bc7 29. Nb3 Bb6 30. Rc1 Qa4 31. Qb1 Nf6 32. Bd2 Re2 33. Re1 Qb5 34. Re3 R8xe3 35. Bxe3 Ng4 36. Bd2 a5 37. h3 Nf6 38. Rxe2 Qxe2 39. Qf1 Qxf1+ 40. Kxf1 Ne4 41. Be3 Kf7 42. Ke2 Ke7 43. Nd2 a4 44. Nf3 Kd6 45. Kd3 Kc6 46. Ng5 h6 47. Nf7 h5 48. Ne5+ Kb5 49. Nxg6 a3 50. bxa3 bxa3 51. Ne7 Nf6 52. Nxf5 Ba5 53. Nd6+ Kc6 54. Nf7 Ne4 55. g4 hxg4 56. hxg4 Nc3 57. Bd2 Nxa2 58. Bxa5 Nc1+ 59. Kc2 a2 60. Bc3 Ne2 61. Ba1 Nxf4 62. Kb3 1-0

[Event "Titled Tuesday intern op 2nd May"]
[Site "Chess.com INT"]
[Date "2017.05.02"]
[Round "4"]
[White "Yanev, Tihomir"]
[Black "Matinian, Nikita"]
[Result "0-1"]
[WhiteElo "2371"]
[BlackElo "2491"]
[PlyCount "82"]
[EventDate "2017.05.02"]
[EventType "swiss (blitz)"]
[EventRounds "10"]
[EventCountry "USA"]
[SourceTitle "EXT 2021"]
[Source "ChessBase"]
[SourceDate "2020.10.23"]
[SourceVersion "1"]
[SourceVersionDate "2020.10.23"]
[SourceQuality "1"]

1. d4 Nf6 2. c4 e6 3. Nf3 d5 4. Nc3 Bb4 5. e3 0-0 6. Bd3 c5 7. 0-0 Nc6 8. cxd5 exd5 9. a3 Bxc3 10. bxc3 c4 11. Bc2 Re8 12. Nd2 Bg4 13. f3 Bh5 14. Re1 Qc7 15. a4 Re6 16. Nf1 Bg6 17. Ng3 Bxc2 18. Qxc2 Rae8 19. Bd2 h5 20. Ne2 h4 21. Nf4 R6e7 22. Qf5 Qd7 23. Qg5 Na5 24. Rad1 Nb3 25. a5 Qc6 26. Kf2 Qb5 27. Qxh4 Qxa5 28. Qg5 Nxd2 29. Rxd2 Qxc3 30. Rde2 Qa5 31. e4 Qb6 32. e5 Qxd4+ 33. Kf1 Nh7 34. Qf5 g6 35. Nxg6 fxg6 36. Qxg6+ Kh8 37. e6 Qf6 38. Qh5 d4 39. Re4 c3 40. Rh4 c2 41. Rhe4 d3 0-1

[Event "Titled Tuesday intern op 2nd May"]
[Site "Chess.com INT"]
[Date "2017.05.02"]
[Round "1"]
[White "Yanev, Tihomir"]
[Black "Sevian, Samuel"]
[Result "1/2-1/2"]
[WhiteElo "2371"]
[BlackElo "2585"]
[PlyCount "93"]
[EventDate "2017.05.02"]
[EventType "swiss (blitz)"]
[EventRounds "10"]
[EventCountry "USA"]
[SourceTitle "EXT 2021"]
[Source "ChessBase"]
[SourceDate "2020.10.23"]
[SourceVersion "1"]
[SourceVersionDate "2020.10.23"]
[SourceQuality "1"]

1. d4 d5 2. c4 e6 3. Nf3 Be7 4. Nc3 Nf6 5. Bf4 0-0 6. e3 Nbd7 7. Rc1 c6 8. Bd3 dxc4 9. Bxc4 b5 10. Bd3 Bb7 11. 0-0 a6 12. a4 Qb6 13. Ne5 Rfd8 14. Qe2 b4 15. Nc4 Qa7 16. Ne4 c5 17. Ned6 cxd4 18. exd4 Bd5 19. Rfd1 Nf8 20. a5 Ng6 21. Bg3 Bxc4 22. Nxc4 Rxd4 23. Nb6 Nd5 24. Bxg6 Rxd1+ 25. Rxd1 hxg6 26. Nxa8 Qxa8 27. Qc4 Bf6 28. b3 Kh7 29. h3 Qb7 30. Rd3 Bd8 31. Qc5 Be7 32. Bd6 Nf4 33. Rf3 Ne2+ 34. Kf1 Bxd6 35. Qxd6 Nc3 36. Kg1 Qe4 37. Kh2 Qb1 38. Rf4 g5 39. Rxf7 Ne2 40. Rxg7+ Kxg7 41. Qe7+ Kh8 42. Qf8+ Kh7 43. Qf7+ Kh8 44. Qf8+ Kh7 45. Qf7+ Kh8 46. Qf8+ Kh7 47. Qf7+ 1/2-1/2

[Event "Titled Tuesday intern Qual2 11th April"]
[Site "Chess.com INT"]
[Date "2017.04.11"]
[Round "10"]
[White "Osinovsky, Stepan"]
[Black "Yanev, Tihomir"]
[Result "0-1"]
[WhiteElo "2241"]
[BlackElo "2371"]
[PlyCount "90"]
[EventDate "2017.04.11"]
[EventType "swiss (blitz)"]
[EventRounds "10"]
[EventCountry "USA"]
[SourceTitle "EXT 2021"]
[Source "ChessBase"]
[SourceDate "2020.10.23"]
[SourceVersion "1"]
[SourceVersionDate "2020.10.23"]
[SourceQuality "1"]

1. e4 e5 2. Nf3 Nc6 3. Bb5 a6 4. Ba4 Nf6 5. 0-0 Be7 6. Re1 b5 7. Bb3 0-0 8. Nc3 d6 9. Nd5 Na5 10. d4 Nxd5 11. exd5 Nxb3 12. axb3 f6 13. c4 Bd7 14. Bd2 Kh8 15. Bc3 c6 16. dxc6 Bxc6 17. dxe5 dxe5 18. Qe2 Qb6 19. Ba5 Qb7 20. Red1 Bc5 21. b4 Bxf3 22. Qxf3 Qxf3 23. gxf3 Bd4 24. c5 Rac8 25. Bb6 Ra8 26. Rd2 g5 27. Rad1 Kg7 28. Kg2 Kg6 29. Ba5 Rac8 30. Bb6 Rc6 31. Ra1 Ra8 32. Ra2 Kf5 33. Rd1 Ke6 34. Rda1 Kd5 35. Rc1 h5 36. h3 f5 37. b3 g4 38. hxg4 hxg4 39. fxg4 Rg6 40. f3 fxg4 41. fxg4 Rf8 42. Kh3 Rf3+ 43. Kh4 Be3 44. Rd1+ Ke4 45. Rg2 Rh6# 0-1